000 00880nas a2200277 4500
001 BR2018001443
003 BR-BrBNA
005 20231205131349.0
007 ta
008 230509b bl.|||p| |||| 00| 00por d
040 _aBR-BrBNA
_bpor
_cBiblioteca Nacional de Agricultura
041 _a(Pt)
072 _aC20; E14; U10
100 1 _aMarques, P.A.S.
100 1 _aRegina, S.B.
100 1 _aDuarte, B.S.
245 1 _aTecnologia da Informação e a extensão rural
650 _aEXTENSÃO RURAL
650 _aAGRICULTURA FAMILIAR
650 _aTECNOLOGIA DA INFORMAÇÃO
650 _aINOVAÇÃO
650 _aPROGRAMA DE COMPUTADOR
773 0 _tInforme Agropecuário - Empresa de Pesquisa Agropecuária de Minas Gerais (Brazil)
_xISSN 0100-3364
_g(2017), v. 38(300) p. 29-34
_wBR2018001443
909 _a202311
_bLúcia
_c55
_dLúcia Elande
942 _2AGRIS
_n0
_cANA
999 _c254399
_d254399